1803 1290 1778 1654 1151 1632 1537 1834 1842 1177 1835 1933 1760 1636 1976 1508 1939 1065 1956 1983 1767 1957 1086 1528 1870 1686 1873 1128 1371 1466 1870 1124 1773 1525 1910 1835 1121 1982 1582 1135 1214 1157 1439 1719 1050 1157 1159 1729 1472 1661 1761 1057 1288 1089 1548 1321 1045 1849 1765 1295 1753 1736 1734 1845 1718 1587 1001 1361 1684 1159 1675 1994 1960 1206 1410 1540 1955 1075 1740 1895 1425 1936 1125 1717 1747 1041 1357 1142 1878 1041 1851 1451 1858 1493 1446 1054 1869 1299 1286 BCNSPRNW ULIB Ver.6.0+V

เปลี่ยนเป็นภาษาไทย

Change to English
 แสดงรายละเอียดบรรณานุกรม
  กลับหน้าหลัก

Brief Record : Get Marc (ISO 2709) : E-mail record : QR code < ปิดหน้าต่าง
LEADER : 00000nam 2200000uu 4500
001    13399121582
003     ULIB
008    121123s2548||||th 000 0 tha d
020    ^a9749318102
020    ^a9789749318102
060 04 ^aWT120^bธ391ร
100 0  ^aธวัช ประสาทฤทธา
245 10 ^aรู้ทันอาการอันตรายกับโรคผู้สูงอายุ /^cธวัช ประสาทฤทธา ...[และคนอื่นๆ] ; บรรณาธิการ ประภาส เที่ยงธรรม
260    ^aกรุงเทพฯ :^bเรือนปัญญา,^c2548
300    ^a162 หน้า :^bภาพประกอบ ;^c21 ซม.
650  7 ^aผู้สูงอายุ^xโรค
650  7 ^aผู้สูงอายุ^xสุขภาพและอนามัย
700 0  ^aประภาส เที่ยงธรรม,^eบรรณาธิการ
945    ^p135^l0^i14319
995    ^aวิภา
999 ^a ใช้งานได้ทุกระบบ
รายการนี้ยังไม่มีแท็ก
คุณยังไม่ได้ล็อกอิน คุณสามารถมีกิจกรรมร่วมกับเว็บไซต์ได้ แต่ต้องล็อกอินก่อน ::
  ล็อกอิน

รายการสื่อสารสนเทศ

ลำดับที่ ประเภท เลขเรียก/บาร์โค้ด สถานที่ สถานะ
1. วิทยาศาสตร์การแพทย์ และสุขภาพ
วิทยาศาสตร์การแพทย์ และสุขภาพ
WT120 ธ391ร  
  Barcode: 14319
ห้องสมุดวิทยาเขตสวรรค์ประชารักษ์
►หนังสือทั่วไป
บนชั้น

รายการใกล้เคียง
    ผู้แต่ง [ธวัช ประสาทฤทธา]

BibComment


ยังไม่เคยถูกคอมเมนท์

คอมเมนท์ทรัพยากรรายการนี้
  คอมเมนท์: รู้ทันอาการอันตร..


 Copyright 2026. Bcnsprnw @Library